Kdo navrátil se, neutíká : dovětek ke knize Šel jsem svou cestou / Bořivoj Čelovský
Autor strávil více než čtyřicet let v exilu, do rodné Ostravy se vrací v polovině 90. let minulého století. Kniha je poskládána z autorových vzpomínek na staré přátele, dojmů po návratu do vlasti i poznámek o práci na jeho posledních knihách. K nejzajímavějším patří bezesporu kapitola o vzájemných vztazích či jeho postojích k některým dalším českým historikům, která odhaluje leccos z "české povahy". Velmi kriticky a s obavami se také vyslovuje k česky psanému tisku a jeho zahraničním majitelům. Knihu uzavírá výběr z recenzí na autorovy knihy. Fotografie, rejstřík. G3a+ 20030414 kyliank
Vzpomínky, postřehy i zamyšlení spisovatele, historika a filozofa B. Čelovského volně navazují na jeho knihu Šel jsem svou cestou.
Record details
- ISBN: 80-86101-72-X (váz.)
- Physical Description: 158 s. : barev. il., portréty ; 22 cm
- Edition: Vyd. 1.
- Publisher: Šenov u Ostravy : Tilia, 2003
Content descriptions
| Bibliography, etc. Note: | Obsahuje bibliografické odkazy a rejstřík |
Available copies
- 1 of 1 copy available at Common Catalog SPOK.
Holds
- 0 current holds with 1 total copy.
Show Only Available Copies
| Location | Call Number / Copy Notes | Barcode | Shelving Location | Status | Due Date |
|---|---|---|---|---|---|
| Terezin Initiative Institute | 3909 | 4594303909 | Knihovna ITI | Available | - |
| LDR | 02149nam a2200409 a 4500 | ||
|---|---|---|---|
| 001 | 26817 | ||
| 003 | CZ-PrJAB | ||
| 005 | 20220903112943.0 | ||
| 008 | 030515s2003 xr ac gr 001 0acze | ||
| 015 | . | ‡acnb001240829 | |
| 020 | . | ‡a80-86101-72-X (váz.) | |
| 035 | . | ‡a(CONS)1632 | |
| 035 | . | ‡a(CZ PrSKC)cpk20031240829 | |
| 035 | . | ‡a(OCoLC)53261205 | |
| 040 | . | ‡aABA001 ‡bcze | |
| 080 | . | ‡a929 ‡2MRF | |
| 080 | . | ‡a930-051 ‡2MRF | |
| 080 | . | ‡a(437.3) ‡2MRF | |
| 080 | . | ‡a(092) ‡2MRF | |
| 100 | 1 | . | ‡aČelovský, Bořivoj, ‡d1923-2008 ‡7jn19990216203 ‡4aut |
| 245 | 1 | 0. | ‡aKdo navrátil se, neutíká : ‡bdovětek ke knize Šel jsem svou cestou / ‡cBořivoj Čelovský |
| 250 | . | ‡aVyd. 1. | |
| 260 | . | ‡aŠenov u Ostravy : ‡bTilia, ‡c2003 | |
| 300 | . | ‡a158 s. : ‡bbarev. il., portréty ; ‡c22 cm | |
| 504 | . | ‡aObsahuje bibliografické odkazy a rejstřík | |
| 520 | 9 | . | ‡aAutor strávil více než čtyřicet let v exilu, do rodné Ostravy se vrací v polovině 90. let minulého století. Kniha je poskládána z autorových vzpomínek na staré přátele, dojmů po návratu do vlasti i poznámek o práci na jeho posledních knihách. K nejzajímavějším patří bezesporu kapitola o vzájemných vztazích či jeho postojích k některým dalším českým historikům, která odhaluje leccos z "české povahy". Velmi kriticky a s obavami se také vyslovuje k česky psanému tisku a jeho zahraničním majitelům. Knihu uzavírá výběr z recenzí na autorovy knihy. Fotografie, rejstřík. G3a+ 20030414 kyliank |
| 520 | 9 | . | ‡aVzpomínky, postřehy i zamyšlení spisovatele, historika a filozofa B. Čelovského volně navazují na jeho knihu Šel jsem svou cestou. |
| 787 | 0 | . | ‡tŠel jsem svou cestou |
| 852 | 4 | . | ‡bJACH-ITI ‡bJACH-ITI ‡cKnihovna ITI ‡j3909 ‡p3909 ‡y$0.00 |
| 910 | . | ‡aABE340 ‡b3909 | |
| 995 | . | ‡askok | |
| 901 | . | ‡a26817 ‡bISxN ‡c26817 ‡tbiblio | |